000 02269cam a22003254a 4500
001 14099193
005 20220326193309.0
007 vd cvaiz|
008 050907s2004 sp a bc 000 0 spa
010 _a 2005451624
020 _a849595172X
040 _aDLC
_cDLC
_dDLC
082 _a708
_bA172v
100 1 _aAcconci, Vito,
_d1940-
_91966
245 1 0 _aVito Hannibal Acconci studio /
_c[edición, Mela Dávila].
260 _aBarcelona :
_bMuseu d'Art Contemporani de Barcelona,
_cc2004.
300 _a508 p. :
_bill. ;
_c22 cm. +
_e1 videodisc (DVD : sd., col. ; 4 3/4 in.)
500 _aCatalog of an exhibition held at Musée des Beaux-Arts de Nantes, July 16-Oct. 17, 2004 and Museu d'Art Contemporani de Barcelona, Nov. 18, 2004-Feb. 20, 2005.
500 _aAccompanying DVD is titled "Acconci Studio, interiors, buildings, parks" by Julia Loktev.
504 _aIncludes bibliographical references (p. 496-[509]).
505 _tIntroduccion
_rCorinne Diserens
_tEntrevista con Vito Acconi e Yvonne Rainer
_rChristophe Wavelet
_tPoemas
_rVito Hannibal Acconci
_t0 to 9 y a la inversa. Entrevista con Vito Acconci
_rThurtston Moore
_tExtractos 0 to 9
_tDe 0 a 9: transcribir-interpretar-escribir
_rSylvie Mokhtari
_tObras
_rVito Acconci
_tFragil como un gorrion, pero tenaz...Entrevista con vito Acconci
_rLiza Bear
_tWest,He said (al oeste, dijo el)
_rVito Acconci
_tLight My Voice (El arte publico esta aqui para quedarse)
_rJean Charles Massara
_tObras
_rVito Acconci
_tLa construccion es un texto. Vito Acconci/Acconci Studio-Arquitectura
_rLillian Pfaff
_tObras/Proyectos
_rAcconci Studio
_tEspacio Publico en un tiempo privado
_rVito Acconci
_tCronologia. Proyectos de arquitectura en DVD
_rSarina Basta. Julia Loktev
538 _aSystem requirements for accompanying DVD: Mac.
600 1 0 _aAcconci, Vito,
_d1940-
_vExhibitions.
_91967
650 _aArte Contemporaneo
_xExhibiciones
_91968
700 1 _aDávila, Mela.
_91969
710 2 _aMuseu d'Art Contemporani (Barcelona, Spain)
_91673
710 2 _aNantes (France).
_bMusée des beaux-arts.
_91970
906 _a7
_bcbc
_corignew
_d3
_encip
_f20
_gy-gencatlg
999 _c409
_d409